Ohio Cities A-Z - Statistics

General Stats
  • This quiz has been taken 31 times
  • The average score is 15 of 26
Answer Stats
Clue City % Correct
C Home to the Rock & Roll Hall of Fame Cleveland
100%
D Wright Brothers' home city Dayton
97%
T City Ohio and Michigan fought over Toledo
93%
A Birthplace of Lebron James Akron
90%
J Seventh US president Jackson
83%
S It shares its name with 33 other cities in the US—immigrant pet eating hoax Springfield
79%
Q Sixth US president Quincy
72%
G Named for the 20th US president {Garfield} Heights
66%
H Cincinnati suburb, or Founding Father Hamilton
66%
X Greek for "hospitality" Xenia
66%
Y Located 7 miles west of Pennsylvania Youngstown
66%
K Home to Ohio's 3rd largest university Kent
62%
Z Ohio capital from 1810-1812 Zanesville
59%
E Also the Greek "father of geometry" Euclid
52%
F Named for a town in SW Connecticut Fairfield
52%
L Setting of the TV show Glee Lima
52%
B Suburb east of city D {Beaver}creek
48%
O Home to Miami University Oxford
48%
U Seat of Champaign County Urbana
48%
I Historically known for iron (think) Ironton
45%
M The Shawshank Redemption's filming location Mansfield
45%
P "The Garden City" Parma
41%
W Seat of Trumbull County Warren
41%
V Suburb of D near its major airport {Vanda}lia
34%
R Victoria's Secret headquarters {Reynolds}burg
28%
N William McKinley's birthplace Niles
14%
No matching quizzes found
Score Distribution
Percent of People with Each Score
Percentile by Number Answered
Your Score History
You have not taken this quiz